Countries That Export the Most Fireworks - Statistics

General Stats
  • This quiz has been taken 44 times
  • The average score is 5 of 8
Answer Stats
Millions Exports % Correct
.20 United States
95%
345 China
88%
4 Germany
70%
3 Poland
56%
4 Spain
47%
9 Netherlands
42%
.15 Portugal
30%
3 Czech Republic
23%
No matching quizzes found
Score Distribution
Percent of People with Each Score
Percentile by Number Answered
Your Score History
You have not taken this quiz